| 000 | 00692nam a22002057a 4500 | ||
|---|---|---|---|
| 005 | 20251108172401.0 | ||
| 008 | 250721s1984 xx 000 0 ara d | ||
| 082 | 1 | 4 | _a001.6424/كاس |
| 100 | 1 | _aكاسل، دون | |
| 245 | 1 | 0 | _aلغة الباسيك للحاسباتن الصغيرة و الحسابت الدقيقة / |
| 264 | 1 |
_aلندن : _bبرتيس هول إنترنكشول، _c1984. |
|
| 300 | _a250ص | ||
| 650 | 1 | 7 | _aالحواسيب |
| 650 | 1 | 7 | _aالباسيك (لغة برمجة) |
| 700 | 1 | _aسوانون، ريتشارد | |
| 700 | 1 |
_aعبد الفتاح، مجدي _eترجمة |
|
| 700 | 1 | _aأبو الخير، إبتسام | |
| 942 |
_2ddc _cBK |
||
| 999 |
_c77874 _d77874 |
||